[Event "U12 Polish Youth Championship"]
[Site "chess24.com"]
[Date "2018.04.30"]
[Round "2"]
[White "Meers, Hubert"]
[Black "Grzadka, Artur"]
[Result "1-0"]
[Board "9"]
[WhiteElo "1737"]
[WhiteCountry "POL"]
[WhiteFideId "21817014"]
[WhiteEloChange "2"]
[BlackElo "1269"]
[BlackCountry "POL"]
[BlackFideId "21836736"]
[BlackEloChange "-2"]

1. e4 {[%clk 1:30:59]} c6 {[%clk 1:30:56]} 2. d4 {[%clk 1:31:14]} d5 {[%clk
1:31:22]} 3. e5 {[%clk 1:28:05]} Bf5 {[%clk 1:31:41]} 4. g4 {[%clk 1:27:03]} Bg6
{[%clk 1:32:01]} 5. Nh3 {[%clk 1:24:18]} h6 {[%clk 1:31:34]} 6. Nf4 {[%clk
1:23:55]} Bh7 {[%clk 1:31:11]} 7. Bd3 {[%clk 1:23:14]} Bxd3 {[%clk 1:31:06]} 8.
Qxd3 {[%clk 1:23:39]} e6 {[%clk 1:31:04]} 9. Nd2 {[%clk 1:21:28]} Be7 {[%clk
1:29:04]} 10. Nf3 {[%clk 1:20:57]} Nd7 {[%clk 1:28:07]} 11. Bd2 {[%clk 1:18:51]}
c5 {[%clk 1:27:35]} 12. c3 {[%clk 1:14:05]} Nb6 {[%clk 1:26:50]} 13. Kf1 {[%clk
1:02:46]} Nc4 {[%clk 1:26:28]} 14. Kg2 {[%clk 1:03:07]} Nxd2 {[%clk 1:25:40]} 15.
Qxd2 {[%clk 1:03:11]} c4 {[%clk 1:25:31]} 16. h4 {[%clk 1:03:23]} g5 {[%clk
1:22:50]} 17. hxg5 {[%clk 1:03:12]} Bxg5 {[%clk 1:21:14]} 18. Rh5 {[%clk
1:01:59]} Bxf4 {[%clk 1:19:00]} 19. Qxf4 {[%clk 1:02:19]} Qe7 {[%clk 1:18:05]}
20. Rah1 {[%clk 1:01:34]} O-O-O {[%clk 1:18:06]} 21. Qg3 {[%clk 1:01:11]} f6
{[%clk 1:17:51]} 22. exf6 {[%clk 1:00:29]} Nxf6 {[%clk 1:17:36]} 23. Rxh6 {[%clk
0:59:51]} Rhg8 {[%clk 1:15:09]} 24. Ne5 {[%clk 0:57:22]} Ne4 {[%clk 1:14:31]} 25.
Qh4 {[%clk 0:56:42]} Qe8 {[%clk 1:10:04]} 26. f3 {[%clk 0:55:29]} Nd6 {[%clk
1:09:50]} 27. Qh5 {[%clk 0:54:01]} Qa4 {[%clk 1:09:03]} 28. Rg6 {[%clk 0:34:40]}
Rh8 {[%clk 1:04:23]} 29. Qxh8 {[%clk 0:30:05]} Rxh8 {[%clk 1:04:45]} 30. Rxh8+
{[%clk 0:30:32]} Kc7 {[%clk 1:03:59]} 31. Rxe6 {[%clk 0:29:21]} Qc2+ {[%clk
1:01:59]} 32. Kg3 {[%clk 0:27:58]} Qb1 {[%clk 1:01:35]} 33. Rh2 {[%clk 0:26:34]}
Qe1+ {[%clk 1:01:04]} 34. Kh3 {[%clk 0:26:48]} Qc1 {[%clk 0:56:25]} 35. a3 {[%clk
0:25:13]} Qf4 {[%clk 0:52:56]} 36. Rg6 {[%clk 0:23:41]} Nf7 {[%clk 0:50:09]} 37.
Kg2 {[%clk 0:23:39]} Nxe5 {[%clk 0:47:29]} 38. dxe5 {[%clk 0:23:56]} Qd2+ {[%clk
0:47:09]} 39. Kg3 {[%clk 0:20:33]} Qe1+ {[%clk 0:45:17]} 40. Kf4 {[%clk 0:20:49]}
a6 {[%clk 0:44:51]} 41. Rh7+ {[%clk 0:20:09]} Kb8 {[%clk 0:45:12]} 42. Rgg7
{[%clk 0:20:36]} Qd2+ {[%clk 0:43:54]} 43. Kf5 {[%clk 0:20:12]} b5 {[%clk
0:41:38]} 44. Rg8# {[%clk 0:20:35]} 1-0

[Event "U12 Polish Youth Championship"]
[Site "chess24.com"]
[Date "2018.04.30"]
[Round "2"]
[White "Karolczuk, Iwo"]
[Black "Wawrzyniak, Karol"]
[Result "1-0"]
[Board "10"]
[WhiteElo "1723"]
[WhiteCountry "POL"]
[WhiteFideId "21816972"]
[WhiteEloChange "2"]
[BlackElo "1224"]
[BlackCountry "POL"]
[BlackFideId "21817588"]
[BlackEloChange "-2"]

1. c4 {[%clk 1:30:55]} c5 {[%clk 1:30:54]} 2. g3 {[%clk 1:31:17]} g6 {[%clk
1:31:09]} 3. Bg2 {[%clk 1:31:33]} e6 {[%clk 1:30:33]} 4. e4 {[%clk 1:31:51]} Bg7
{[%clk 1:30:24]} 5. Ne2 {[%clk 1:32:06]} Nc6 {[%clk 1:29:16]} 6. Nbc3 {[%clk
1:32:03]} Nge7 {[%clk 1:28:34]} 7. O-O {[%clk 1:32:24]} O-O {[%clk 1:27:13]} 8.
d3 {[%clk 1:32:41]} d6 {[%clk 1:26:04]} 9. a3 {[%clk 1:32:25]} Qc7 {[%clk
1:24:38]} 10. Rb1 {[%clk 1:32:27]} a6 {[%clk 1:22:37]} 11. b4 {[%clk 1:32:04]} b6
{[%clk 1:22:53]} 12. Qb3 {[%clk 1:30:50]} Rb8 {[%clk 1:18:49]} 13. Be3 {[%clk
1:29:17]} Bd7 {[%clk 1:13:24]} 14. Qa2 {[%clk 1:26:40]} e5 {[%clk 1:06:38]} 15.
b5 {[%clk 1:25:56]} axb5 {[%clk 0:58:35]} 16. Nxb5 {[%clk 1:26:11]} Qd8 {[%clk
0:55:59]} 17. Nec3 {[%clk 1:25:25]} Be6 {[%clk 0:53:52]} 18. Nd5 {[%clk 1:25:06]}
Bxd5 {[%clk 0:47:49]} 19. cxd5 {[%clk 1:24:05]} Nd4 {[%clk 0:47:26]} 20. Bxd4
{[%clk 1:21:59]} exd4 {[%clk 0:44:34]} 21. Rfe1 {[%clk 1:21:37]} Ra8 {[%clk
0:43:35]} 22. f4 {[%clk 1:21:07]} f6 {[%clk 0:43:27]} 23. e5 {[%clk 1:11:26]}
fxe5 {[%clk 0:41:40]} 24. fxe5 {[%clk 1:11:39]} Bxe5 {[%clk 0:41:54]} 25. Rxe5
{[%clk 1:11:32]} dxe5 {[%clk 0:42:15]} 26. d6+ {[%clk 1:11:56]} Kg7 {[%clk
0:39:38]} 27. dxe7 {[%clk 1:11:32]} Qxe7 {[%clk 0:40:00]} 28. Bxa8 {[%clk
1:11:21]} Rxa8 {[%clk 0:40:22]} 29. Qd5 {[%clk 1:10:55]} Ra5 {[%clk 0:39:09]} 30.
Qc6 {[%clk 1:08:01]} Qg5 {[%clk 0:31:58]} 31. Nd6 {[%clk 1:03:28]} Qe3+ {[%clk
0:31:05]} 32. Kh1 {[%clk 1:03:33]} Qxd3 {[%clk 0:30:14]} 33. Qd7+ {[%clk
1:03:14]} Kf6 {[%clk 0:29:20]} 34. Qf7+ {[%clk 0:51:12]} Kg5 {[%clk 0:29:40]} 35.
Qe7+ {[%clk 0:50:05]} Kg4 {[%clk 0:29:20]} 36. Qe6+ {[%clk 0:41:59]} Kf3 {[%clk
0:28:40]} 37. Qf7+ {[%clk 0:34:44]} Kg4 {[%clk 0:26:06]} 38. Rf1 {[%clk 0:27:26]}
Qe3 {[%clk 0:22:19]} 39. Qe6+ {[%clk 0:26:33]} Kg5 {[%clk 0:22:22]} 40. Nf7+
{[%clk 0:26:17]} Kh5 {[%clk 0:22:24]} 41. Qh3# {[%clk 0:26:35]} 1-0

[Event "U12 Polish Youth Championship"]
[Site "chess24.com"]
[Date "2018.04.30"]
[Round "2"]
[White "Trochimczuk, Szymon"]
[Black "Karwacki, Piotr"]
[Result "0-1"]
[Board "11"]
[WhiteElo "1251"]
[WhiteCountry "POL"]
[WhiteFideId "21881260"]
[WhiteEloChange "-2"]
[BlackElo "1720"]
[BlackCountry "POL"]
[BlackFideId "21852200"]
[BlackEloChange "2"]

1. d4 {[%clk 1:30:56]} d5 {[%clk 1:30:55]} 2. c4 {[%clk 1:31:16]} Nc6 {[%clk
1:31:22]} 3. Nf3 {[%clk 1:31:27]} Bg4 {[%clk 1:31:48]} 4. cxd5 {[%clk 1:30:50]}
Bxf3 {[%clk 1:32:13]} 5. dxc6 {[%clk 1:30:31]} Bxc6 {[%clk 1:32:38]} 6. Nc3
{[%clk 1:30:22]} Nf6 {[%clk 1:31:47]} 7. Bg5 {[%clk 1:29:23]} Nd5 {[%clk
1:29:56]} 8. Nxd5 {[%clk 1:25:41]} Qxd5 {[%clk 1:30:13]} 9. Bf4 {[%clk 1:22:35]}
f6 {[%clk 1:22:17]} 10. a3 {[%clk 1:18:12]} Rd8 {[%clk 1:21:33]} 11. Bxc7 {[%clk
1:14:26]} Rd7 {[%clk 1:21:46]} 12. Bf4 {[%clk 1:12:33]} e5 {[%clk 1:15:26]} 13.
dxe5 {[%clk 1:06:35]} Qa5+ {[%clk 1:12:20]} 14. Bd2 {[%clk 1:06:00]} Qxe5 {[%clk
1:12:22]} 15. Qc2 {[%clk 0:57:58]} Bc5 {[%clk 1:04:26]} 16. Bc3 {[%clk 0:55:07]}
Qg5 {[%clk 1:03:46]} 17. e3 {[%clk 0:51:30]} O-O {[%clk 1:03:04]} 18. h4 {[%clk
0:49:13]} Qh6 {[%clk 0:58:22]} 19. Rd1 {[%clk 0:42:20]} Re7 {[%clk 0:51:26]} 20.
Bd2 {[%clk 0:36:38]} Bd6 {[%clk 0:35:40]} 21. Qf5 {[%clk 0:30:25]} Rfe8 {[%clk
0:33:47]} 22. Qd3 {[%clk 0:28:29]} Bf4 {[%clk 0:27:41]} 23. Rh3 {[%clk 0:25:02]}
Kh8 {[%clk 0:23:16]} 24. g3 {[%clk 0:24:01]} Bxe3 {[%clk 0:21:31]} 25. Be2 {[%clk
0:19:32]} Bxd2+ {[%clk 0:20:54]} 26. Rxd2 {[%clk 0:18:34]} Rxe2+ {[%clk 0:20:17]}
27. Rxe2 {[%clk 0:15:45]} Qc1+ {[%clk 0:20:45]} 28. Qd1 {[%clk 0:15:47]} Rxe2+
{[%clk 0:20:49]} 29. Kxe2 {[%clk 0:15:25]} Bf3+ {[%clk 0:21:13]} 30. Kxf3 {[%clk
0:15:13]} Qxd1+ {[%clk 0:21:37]} 31. Kg2 {[%clk 0:15:26]} Qd5+ {[%clk 0:21:31]}
32. Kg1 {[%clk 0:15:30]} Qb3 {[%clk 0:21:43]} 33. Kg2 {[%clk 0:15:42]} Qxb2
{[%clk 0:22:01]} 34. g4 {[%clk 0:15:53]} Qd4 {[%clk 0:22:15]} 35. Rg3 {[%clk
0:15:51]} g5 {[%clk 0:22:06]} 36. h5 {[%clk 0:15:46]} a5 {[%clk 0:22:20]} 37. h6
{[%clk 0:15:38]} Kg8 {[%clk 0:22:33]} 38. f3 {[%clk 0:15:35]} Qb2+ {[%clk
0:22:51]} 39. Kh3 {[%clk 0:15:58]} Qxa3 {[%clk 0:22:46]} 40. f4 {[%clk 0:16:14]}
Qxg3+ {[%clk 0:22:45]} 41. Kxg3 {[%clk 0:16:28]} a4 {[%clk 0:23:12]} 42. fxg5
{[%clk 0:16:07]} fxg5 {[%clk 0:23:40]} 43. Kf3 {[%clk 0:16:26]} a3 {[%clk
0:24:06]} 44. Ke4 {[%clk 0:16:43]} a2 {[%clk 0:24:27]} 45. Kf5 {[%clk 0:17:06]}
a1Q {[%clk 0:24:50]} 46. Kxg5 {[%clk 0:17:16]} Qe5+ {[%clk 0:25:10]} 47. Kh4
{[%clk 0:17:25]} Kf7 {[%clk 0:25:34]} 48. g5 {[%clk 0:17:13]} Kg6 {[%clk
0:25:58]} 49. Kh3 {[%clk 0:17:26]} Qxg5 {[%clk 0:26:11]} 50. Kh2 {[%clk 0:17:40]}
Kf5 {[%clk 0:26:35]} 51. Kh3 {[%clk 0:17:51]} Kf4 {[%clk 0:27:01]} 52. Kh2 {[%clk
0:18:03]} Kf3 {[%clk 0:27:23]} 53. Kh1 {[%clk 0:18:26]} Qg2# {[%clk 0:27:23]} 0-1

[Event "U12 Polish Youth Championship"]
[Site "chess24.com"]
[Date "2018.04.30"]
[Round "2"]
[White "Blazniak, Bartlomiej"]
[Black "Dziewonski, Dariusz"]
[Result "0-1"]
[Board "12"]
[WhiteElo "1385"]
[WhiteCountry "POL"]
[WhiteFideId "21835640"]
[WhiteEloChange "-2"]
[BlackElo "1805"]
[BlackCountry "POL"]
[BlackFideId "21835829"]
[BlackEloChange "2"]

1. d4 {[%clk 1:30:57]} d5 {[%clk 1:30:56]} 2. c4 {[%clk 1:31:25]} e6 {[%clk
1:31:18]} 3. Nc3 {[%clk 1:31:51]} Nf6 {[%clk 1:31:42]} 4. Bg5 {[%clk 1:32:18]}
Be7 {[%clk 1:32:01]} 5. e3 {[%clk 1:32:38]} h6 {[%clk 1:32:19]} 6. Bh4 {[%clk
1:32:52]} O-O {[%clk 1:32:42]} 7. Nf3 {[%clk 1:33:10]} b6 {[%clk 1:32:53]} 8.
cxd5 {[%clk 1:33:03]} Nxd5 {[%clk 1:32:41]} 9. Bxe7 {[%clk 1:26:07]} Qxe7 {[%clk
1:33:03]} 10. Nxd5 {[%clk 1:25:31]} exd5 {[%clk 1:33:24]} 11. Rc1 {[%clk
1:25:02]} Be6 {[%clk 1:27:35]} 12. Bd3 {[%clk 1:22:49]} c5 {[%clk 1:23:16]} 13.
O-O {[%clk 1:21:22]} Nd7 {[%clk 1:21:38]} 14. Ba6 {[%clk 1:18:05]} Rab8 {[%clk
1:17:03]} 15. Qa4 {[%clk 1:13:06]} Bg4 {[%clk 1:15:26]} 16. Nd2 {[%clk 0:47:20]}
c4 {[%clk 1:02:46]} 17. b3 {[%clk 0:41:57]} cxb3 {[%clk 1:01:13]} 18. Qxb3 {[%clk
0:38:26]} Nf6 {[%clk 1:00:03]} 19. Rc3 {[%clk 0:37:21]} Bc8 {[%clk 0:55:19]} 20.
Qa4 {[%clk 0:32:59]} Bd7 {[%clk 0:47:39]} 21. Qb3 {[%clk 0:27:20]} b5 {[%clk
0:43:01]} 22. a4 {[%clk 0:14:37]} bxa4 {[%clk 0:41:00]} 23. Qa2 {[%clk 0:13:37]}
Qb4 {[%clk 0:36:55]} 24. Rfc1 {[%clk 0:11:30]} Qa5 {[%clk 0:35:15]} 25. Bd3
{[%clk 0:10:37]} Rfc8 {[%clk 0:33:06]} 26. Rc5 {[%clk 0:10:12]} Rxc5 {[%clk
0:31:50]} 27. Rxc5 {[%clk 0:09:27]} Qb4 {[%clk 0:30:59]} 28. h3 {[%clk 0:07:55]}
Rc8 {[%clk 0:22:38]} 29. Rxc8+ {[%clk 0:06:46]} Bxc8 {[%clk 0:21:20]} 30. Nf3
{[%clk 0:07:07]} Bd7 {[%clk 0:19:32]} 31. Ne5 {[%clk 0:06:49]} Bb5 {[%clk
0:17:12]} 32. Bc2 {[%clk 0:06:29]} a5 {[%clk 0:14:32]} 33. Kh2 {[%clk 0:03:41]}
g6 {[%clk 0:10:37]} 34. h4 {[%clk 0:02:23]} Qd2 {[%clk 0:10:05]} 35. Nxf7 {[%clk
0:00:45]} Ng4+ {[%clk 0:05:53]} 36. Kh3 {[%clk 0:00:35]} Nxf2+ {[%clk 0:04:58]}
37. Kh2 {[%clk 0:00:32]} Ng4+ {[%clk 0:04:42]} 38. Kh3 {[%clk 0:00:47]} Qxe3+
{[%clk 0:04:59]} 39. Kxg4 {[%clk 0:01:06]} Bd7+ {[%clk 0:05:15]} 40. Bf5 {[%clk
0:01:27]} Bxf5# {[%clk 0:05:39]} 0-1

[Event "U12 Polish Youth Championship"]
[Site "chess24.com"]
[Date "2018.04.30"]
[Round "2"]
[White "Backiel, Hubert"]
[Black "Wilk, Igor"]
[Result "1-0"]
[Board "13"]
[WhiteElo "1653"]
[WhiteCountry "POL"]
[WhiteFideId "21838631"]
[WhiteEloChange "7"]
[BlackElo "1558"]
[BlackCountry "POL"]
[BlackFideId "21831580"]
[BlackEloChange "-7"]

1. c4 {[%clk 1:30:43]} e6 {[%clk 1:30:41]} 2. Nf3 {[%clk 1:31:01]} Nf6 {[%clk
1:30:43]} 3. e3 {[%clk 1:30:24]} d5 {[%clk 1:30:42]} 4. b3 {[%clk 1:30:42]} c5
{[%clk 1:30:18]} 5. Bb2 {[%clk 1:28:25]} Nc6 {[%clk 1:29:40]} 6. Be2 {[%clk
1:25:23]} Be7 {[%clk 1:28:48]} 7. O-O {[%clk 1:24:22]} O-O {[%clk 1:28:00]} 8. d4
{[%clk 1:18:59]} cxd4 {[%clk 1:24:32]} 9. Nxd4 {[%clk 1:16:49]} Nxd4 {[%clk
1:22:16]} 10. Bxd4 {[%clk 1:16:57]} b6 {[%clk 1:20:31]} 11. Nc3 {[%clk 1:07:00]}
dxc4 {[%clk 1:16:28]} 12. Bf3 {[%clk 1:04:51]} Nd5 {[%clk 1:07:54]} 13. bxc4
{[%clk 1:04:41]} Ba6 {[%clk 1:00:00]} 14. cxd5 {[%clk 1:01:26]} Bxf1 {[%clk
0:59:22]} 15. d6 {[%clk 1:01:24]} Bxd6 {[%clk 0:57:29]} 16. Bxa8 {[%clk 0:45:27]}
Ba6 {[%clk 0:48:43]} 17. Ne4 {[%clk 0:40:27]} Bxh2+ {[%clk 0:41:53]} 18. Kxh2
{[%clk 0:37:35]} Qh4+ {[%clk 0:41:47]} 19. Kg1 {[%clk 0:37:56]} Rxa8 {[%clk
0:41:39]} 20. Qf3 {[%clk 0:30:47]} Rd8 {[%clk 0:39:51]} 21. Qg3 {[%clk 0:27:40]}
Qxg3 {[%clk 0:38:44]} 22. Nxg3 {[%clk 0:28:02]} f6 {[%clk 0:38:39]} 23. Rc1
{[%clk 0:25:47]} e5 {[%clk 0:38:19]} 24. Bc3 {[%clk 0:25:39]} Rc8 {[%clk
0:37:07]} 25. Bb2 {[%clk 0:25:47]} Rc4 {[%clk 0:36:56]} 26. a3 {[%clk 0:22:23]}
Kf7 {[%clk 0:36:38]} 27. Rxc4 {[%clk 0:22:12]} Bxc4 {[%clk 0:36:58]} 28. Nf5
{[%clk 0:22:24]} Be6 {[%clk 0:37:07]} 29. Nd6+ {[%clk 0:20:52]} Ke7 {[%clk
0:37:16]} 30. Ne4 {[%clk 0:19:52]} Kd7 {[%clk 0:36:58]} 31. Nd2 {[%clk 0:19:41]}
Kc6 {[%clk 0:36:36]} 32. Kf1 {[%clk 0:19:44]} Kb5 {[%clk 0:35:48]} 33. Ke2 {[%clk
0:18:06]} Bc4+ {[%clk 0:35:45]} 34. Kf3 {[%clk 0:17:32]} Bd3 {[%clk 0:35:22]} 35.
e4 {[%clk 0:16:59]} a6 {[%clk 0:34:53]} 36. Ke3 {[%clk 0:17:14]} Bc4 {[%clk
0:34:24]} 37. f4 {[%clk 0:14:44]} exf4+ {[%clk 0:34:04]} 38. Kxf4 {[%clk
0:15:00]} Be6 {[%clk 0:33:48]} 39. Ke3 {[%clk 0:15:02]} Kc5 {[%clk 0:33:43]} 40.
Bd4+ {[%clk 0:15:10]} Kc6 {[%clk 0:33:49]} 41. Kd3 {[%clk 0:15:22]} b5 {[%clk
0:33:51]} 42. Kc3 {[%clk 0:15:21]} h6 {[%clk 0:33:47]} 43. Kb4 {[%clk 0:15:38]}
Bf7 {[%clk 0:33:43]} 44. Ka5 {[%clk 0:15:44]} Kb7 {[%clk 0:34:04]} 45. Bc5 {[%clk
0:15:42]} g6 {[%clk 0:34:10]} 46. Bf8 {[%clk 0:13:27]} h5 {[%clk 0:34:06]} 47.
Be7 {[%clk 0:13:28]} f5 {[%clk 0:34:21]} 48. g3 {[%clk 0:13:51]} Be6 {[%clk
0:34:23]} 49. exf5 {[%clk 0:13:49]} gxf5 {[%clk 0:34:26]} 50. Nf3 {[%clk
0:14:03]} Bg8 {[%clk 0:34:27]} 51. Nd4 {[%clk 0:14:22]} 1-0

[Event "U12 Polish Youth Championship"]
[Site "chess24.com"]
[Date "2018.04.30"]
[Round "2"]
[White "Zalega, Maciej"]
[Black "Ciszewski, Krzysztof"]
[Result "1-0"]
[Board "14"]
[WhiteElo "1309"]
[WhiteCountry "POL"]
[WhiteFideId "21858284"]
[WhiteEloChange "17"]
[BlackElo "1646"]
[BlackCountry "POL"]
[BlackFideId "21853509"]
[BlackEloChange "-17"]

1. e4 {[%clk 1:30:57]} c5 {[%clk 1:30:51]} 2. Nf3 {[%clk 1:31:20]} d6 {[%clk
1:31:06]} 3. d4 {[%clk 1:31:44]} cxd4 {[%clk 1:31:21]} 4. Nxd4 {[%clk 1:32:07]}
Nf6 {[%clk 1:31:40]} 5. Nc3 {[%clk 1:32:32]} a6 {[%clk 1:31:59]} 6. Be2 {[%clk
1:32:30]} e5 {[%clk 1:29:23]} 7. Nb3 {[%clk 1:31:39]} Be6 {[%clk 1:29:22]} 8. Bg5
{[%clk 1:30:18]} Be7 {[%clk 1:29:44]} 9. Bxf6 {[%clk 1:29:45]} gxf6 {[%clk
1:24:57]} 10. Qd3 {[%clk 1:27:25]} Nc6 {[%clk 1:11:30]} 11. O-O-O {[%clk
1:25:23]} Rc8 {[%clk 1:06:25]} 12. a3 {[%clk 1:22:13]} Bxb3 {[%clk 1:04:15]} 13.
cxb3 {[%clk 1:21:37]} Nd4 {[%clk 1:04:01]} 14. b4 {[%clk 1:16:21]} b5 {[%clk
0:50:11]} 15. Kb1 {[%clk 1:14:33]} Qd7 {[%clk 0:48:01]} 16. h3 {[%clk 1:11:05]}
f5 {[%clk 0:42:16]} 17. exf5 {[%clk 1:10:29]} Nxe2 {[%clk 0:36:56]} 18. Nxe2
{[%clk 1:10:47]} f6 {[%clk 0:28:42]} 19. g4 {[%clk 1:10:15]} Rc4 {[%clk 0:27:33]}
20. Rc1 {[%clk 1:08:43]} Qb7 {[%clk 0:22:29]} 21. b3 {[%clk 1:05:26]} Rxc1+
{[%clk 0:20:21]} 22. Rxc1 {[%clk 1:05:46]} O-O {[%clk 0:20:24]} 23. Nc3 {[%clk
1:03:53]} Rd8 {[%clk 0:16:17]} 24. Qd5+ {[%clk 1:03:47]} Qxd5 {[%clk 0:16:14]}
25. Nxd5 {[%clk 1:04:14]} Rd7 {[%clk 0:15:20]} 26. Rc6 {[%clk 1:04:25]} Kf7
{[%clk 0:14:54]} 27. Rxa6 {[%clk 1:04:17]} Rb7 {[%clk 0:15:12]} 28. a4 {[%clk
1:04:03]} bxa4 {[%clk 0:14:43]} 29. bxa4 {[%clk 1:04:27]} Ke8 {[%clk 0:14:44]}
30. b5 {[%clk 1:02:51]} Kd7 {[%clk 0:14:35]} 31. Rc6 {[%clk 1:01:23]} Bd8 {[%clk
0:14:23]} 32. Kb2 {[%clk 1:01:28]} Ra7 {[%clk 0:14:29]} 33. Kb3 {[%clk 1:01:17]}
Ra8 {[%clk 0:14:30]} 34. Nb6+ {[%clk 1:00:54]} Bxb6 {[%clk 0:14:55]} 35. Rxb6
{[%clk 1:01:21]} d5 {[%clk 0:15:10]} 36. Rxf6 {[%clk 0:59:52]} d4 {[%clk
0:15:17]} 37. Re6 {[%clk 0:59:43]} d3 {[%clk 0:15:28]} 38. Rxe5 {[%clk 1:00:02]}
Kd6 {[%clk 0:15:52]} 39. Re3 {[%clk 1:00:18]} d2 {[%clk 0:16:05]} 40. Rd3+ {[%clk
1:00:42]} Ke5 {[%clk 0:16:29]} 41. Rxd2 {[%clk 1:01:05]} h5 {[%clk 0:16:23]} 42.
b6 {[%clk 1:01:00]} Ra6 {[%clk 0:17:13]} 43. f4+ {[%clk 1:00:47]} Kxf4 {[%clk
0:17:37]} 44. Rd4+ {[%clk 1:01:12]} Ke5 {[%clk 0:17:44]} 45. Rb4 {[%clk 1:01:31]}
Ra8 {[%clk 0:18:04]} 46. b7 {[%clk 1:01:56]} Rb8 {[%clk 0:18:33]} 47. a5 {[%clk
1:02:11]} Kd6 {[%clk 0:19:00]} 48. a6 {[%clk 1:02:35]} h4 {[%clk 0:19:19]} 49. a7
{[%clk 1:02:49]} Kc7 {[%clk 0:19:43]} 50. axb8Q+ {[%clk 1:03:03]} Kxb8 {[%clk
0:20:11]} 51. f6 {[%clk 1:03:19]} 1-0

[Event "U12 Polish Youth Championship"]
[Site "chess24.com"]
[Date "2018.04.30"]
[Round "2"]
[White "Nowak, Filip"]
[Black "Serewa, Antoni"]
[Result "1-0"]
[Board "15"]
[WhiteElo "1475"]
[WhiteCountry "POL"]
[WhiteFideId "21817030"]
[WhiteEloChange "8"]
[BlackElo "1392"]
[BlackCountry "POL"]
[BlackFideId "21837198"]
[BlackEloChange "-8"]

1. e4 {[%clk 1:30:48]} c5 {[%clk 1:30:08]} 2. Nf3 {[%clk 1:31:11]} Nc6 {[%clk
1:30:13]} 3. d4 {[%clk 1:31:23]} cxd4 {[%clk 1:30:29]} 4. Nxd4 {[%clk 1:31:30]}
e5 {[%clk 1:30:51]} 5. Nb5 {[%clk 1:31:05]} d6 {[%clk 1:30:14]} 6. N1c3 {[%clk
1:30:32]} a6 {[%clk 1:30:28]} 7. Na3 {[%clk 1:30:07]} b5 {[%clk 1:29:53]} 8. Nd5
{[%clk 1:29:55]} Nf6 {[%clk 1:29:25]} 9. Bg5 {[%clk 1:27:47]} Be7 {[%clk
1:27:55]} 10. Nxe7 {[%clk 1:26:35]} Nxe7 {[%clk 1:27:04]} 11. Bd3 {[%clk
1:19:02]} Bb7 {[%clk 1:21:51]} 12. Bxf6 {[%clk 1:17:49]} gxf6 {[%clk 1:22:07]}
13. Qf3 {[%clk 1:17:22]} Ng6 {[%clk 1:19:28]} 14. O-O {[%clk 1:12:07]} Rg8 {[%clk
1:15:51]} 15. g3 {[%clk 1:06:11]} Qd7 {[%clk 1:14:56]} 16. Qxf6 {[%clk 0:53:59]}
Nf4 {[%clk 1:10:44]} 17. Qh4 {[%clk 0:51:12]} h5 {[%clk 0:48:25]} 18. Kh1 {[%clk
0:42:02]} Ng6 {[%clk 0:39:07]} 19. Qf6 {[%clk 0:36:49]} Rd8 {[%clk 0:35:14]} 20.
c4 {[%clk 0:31:56]} b4 {[%clk 0:34:53]} 21. Nc2 {[%clk 0:31:03]} a5 {[%clk
0:35:14]} 22. Ne3 {[%clk 0:30:31]} Qh3 {[%clk 0:29:06]} 23. Nf5 {[%clk 0:29:29]}
Rd7 {[%clk 0:28:19]} 24. Rg1 {[%clk 0:17:39]} Nf4 {[%clk 0:15:12]} 25. Ng7+
{[%clk 0:17:44]} Kf8 {[%clk 0:15:10]} 26. gxf4 {[%clk 0:17:10]} Qf3+ {[%clk
0:14:28]} 27. Rg2 {[%clk 0:17:34]} exf4 {[%clk 0:12:16]} 28. Be2 {[%clk 0:08:56]}
Qh3 {[%clk 0:09:57]} 29. f3 {[%clk 0:07:27]} Ba6 {[%clk 0:06:42]} 30. Rag1 {[%clk
0:06:44]} Rh8 {[%clk 0:06:31]} 31. Nf5 {[%clk 0:06:53]} Rh7 {[%clk 0:03:34]} 32.
Rg8# {[%clk 0:06:58]} 1-0

[Event "U12 Polish Youth Championship"]
[Site "chess24.com"]
[Date "2018.04.30"]
[Round "2"]
[White "Jarocki, Gabriel"]
[Black "Madej, Marek"]
[Result "0-1"]
[Board "16"]
[WhiteElo "1427"]
[WhiteCountry "POL"]
[WhiteFideId "21852871"]
[WhiteEloChange "-3"]
[BlackElo "1734"]
[BlackCountry "POL"]
[BlackFideId "21835942"]
[BlackEloChange "3"]

1. d4 {[%clk 1:30:30]} d5 {[%clk 1:30:49]} 2. c4 {[%clk 1:30:49]} dxc4 {[%clk
1:31:08]} 3. Qa4+ {[%clk 1:30:33]} Nc6 {[%clk 1:30:36]} 4. e3 {[%clk 1:30:37]} e5
{[%clk 1:20:51]} 5. dxe5 {[%clk 1:29:49]} Be6 {[%clk 1:19:26]} 6. Bxc4 {[%clk
1:28:09]} Bxc4 {[%clk 1:18:54]} 7. Qxc4 {[%clk 1:28:23]} Qg5 {[%clk 1:15:24]} 8.
g3 {[%clk 1:26:00]} Nxe5 {[%clk 1:11:20]} 9. Qb5+ {[%clk 1:25:01]} c6 {[%clk
1:11:39]} 10. Qxb7 {[%clk 1:24:28]} Rd8 {[%clk 1:11:43]} 11. Nd2 {[%clk 1:24:01]}
Nf6 {[%clk 1:06:54]} 12. f4 {[%clk 1:21:59]} Nd3+ {[%clk 1:06:58]} 13. Ke2 {[%clk
1:22:18]} Qd5 {[%clk 1:06:36]} 14. Ngf3 {[%clk 1:21:46]} Bc5 {[%clk 1:06:45]} 15.
Qb3 {[%clk 1:21:39]} Qh5 {[%clk 0:57:35]} 16. Qa4 {[%clk 1:16:38]} O-O {[%clk
0:56:31]} 17. Nb3 {[%clk 1:13:26]} Qh3 {[%clk 0:51:34]} 18. Rg1 {[%clk 1:13:35]}
Nxc1+ {[%clk 0:51:16]} 19. Raxc1 {[%clk 1:13:49]} Bxe3 {[%clk 0:51:35]} 20. Kxe3
{[%clk 1:11:57]} Ng4+ {[%clk 0:51:44]} 21. Ke4 {[%clk 0:58:52]} 0-1